[Event "5th HD Bank Cup 2015"]
[Site "Ho Chi Minh City VIE"]
[Date "2015.03.17"]
[Round "1.25"]
[White "Le, Tuan Minh"]
[Black "Nguyen, Dang Hong Phuc"]
[Result "1/2-1/2"]
[WhiteTitle "FM"]
[WhiteElo "2393"]
[BlackElo "2047"]
[WhiteFideId "12401153"]
[BlackFideId "12402761"]
[EventDate "2015.03.17"]

1. d4 Nf6 2. c4 c5 3. d5 g6 4. Nc3 Bg7 5. e4 d6 6. h3 O-O 7. Bd3 e6 8. Nf3 exd5
9. exd5 Re8+ 10. Be3 Bh6 11. O-O Bxe3 12. fxe3 Qe7 13. e4 Nh5 14. Qd2 Nd7 15. g4
Ng7 16. Nb5 Rd8 17. Qf4 Ne8 18. Rae1 Ne5 19. Nxe5 dxe5 20. Qf2 b6 21. Re3 Ba6
22. Rf3 Rd7 23. Nc3 Nd6 24. b3 Rf8 25. Rf6 Ne8 26. Rf3 Nd6 27. Rf6 Ne8 28. Rf3
Nd6 29. h4 Rdd8 30. Rf6 Ne8 31. Rf3 1/2-1/2

[Event "5th HD Bank Cup 2015"]
[Site "Ho Chi Minh City VIE"]
[Date "2015.03.17"]
[Round "1.26"]
[White "Cho, Seongho"]
[Black "Yap, Kim Steven"]
[Result "1/2-1/2"]
[BlackTitle "IM"]
[WhiteElo "2036"]
[BlackElo "2389"]
[WhiteFideId "13200550"]
[BlackFideId "5202809"]
[EventDate "2015.03.17"]

1. d4 Nf6 2. c4 g6 3. Nc3 d5 4. Nf3 Bg7 5. Qb3 dxc4 6. Qxc4 O-O 7. e4 a6 8. Be2
b5 9. Qb3 Bb7 10. e5 Nd5 11. O-O Nxc3 12. Qxc3 Nd7 13. Rd1 Nb6 14. Bd2 Rc8 15.
Rac1 Qd7 16. Ng5 h6 17. Nf3 Rfd8 18. Be3 Qe6 19. b3 Kh7 20. h3 Nd5 21. Qc5 f5
22. Ne1 Qf7 23. Qa7 Rb8 24. Bf3 c6 25. Bd2 e6 26. Bxd5 exd5 27. Nd3 Bf8 28. Bb4
f4 29. Bxf8 Rxf8 30. a4 f3 31. g3 h5 32. Nc5 Kh8 33. Nxb7 Rxb7 34. Qxa6 bxa4 35.
Qxa4 Qf5 36. Kh2 h4 37. g4 Qe4 38. Qa3 Kg7 39. Ra1 Rff7 40. b4 Qc2 41. Kg1 Qe4
42. Kh2 Qe2 43. Kg1 Qe4 44. Kh2 Qe2 45. Kg1 Qe4 46. Kh2 Qe2 47. Kg1 Qe4 1/2-1/2

[Event "5th HD Bank Cup 2015"]
[Site "Ho Chi Minh City VIE"]
[Date "2015.03.17"]
[Round "1.27"]
[White "Wynn Zaw Htun"]
[Black "Le, Minh Hoang"]
[Result "1-0"]
[WhiteTitle "IM"]
[BlackTitle "CM"]
[WhiteElo "2382"]
[BlackElo "2025"]
[WhiteFideId "13002783"]
[BlackFideId "12404683"]
[EventDate "2015.03.17"]

1. Nf3 Nf6 2. c4 c6 3. b3 d5 4. e3 Bg4 5. Bb2 Nbd7 6. Be2 e6 7. O-O Bd6 8. h3
Bh5 9. d3 O-O 10. Nbd2 Qe7 11. a3 e5 12. e4 dxe4 13. dxe4 Nc5 14. Nh4 Bg6 15.
Nxg6 hxg6 16. Qc2 Ne6 17. Rfe1 c5 18. Nf3 Nd7 19. Nd2 Nf4 20. Bf1 Rad8 21. Nb1
Ne6 22. Nc3 Nd4 23. Qd1 Nf6 24. Re3 Qc7 25. Rb1 a6 26. a4 a5 27. Bc1 Be7 28. Rd3
Nc6 29. Nd5 Nxd5 30. cxd5 Nd4 31. Rg3 Qd6 32. Bb5 Bh4 33. Rg4 Be7 34. Bd2 b6 35.
Rc1 Kh8 36. f4 Bf6 37. Qe1 Rde8 38. Qg3 exf4 39. Bxf4 Be5 40. Rf1 Bxf4 41. Rfxf4
Kg8 42. Rg5 Re5 43. Rxf7 Rxg5 44. Qxd6 Rxf7 1-0

[Event "5th HD Bank Cup 2015"]
[Site "Ho Chi Minh City VIE"]
[Date "2015.03.17"]
[Round "1.28"]
[White "Nguyen, Tan Thinh"]
[Black "Liu, Xiangyi"]
[Result "0-1"]
[BlackTitle "FM"]
[WhiteElo "1990"]
[BlackElo "2380"]
[WhiteFideId "12403458"]
[BlackFideId "8605718"]
[EventDate "2015.03.17"]

1. e4 g6 2. d4 Bg7 3. Be3 c6 4. Nd2 d6 5. Ngf3 Nf6 6. h3 Nbd7 7. c3 O-O 8. Bc4
b5 9. Bb3 Bb7 10. O-O c5 11. d5 a6 12. Re1 c4 13. Bc2 e6 14. dxe6 fxe6 15. Bg5
Qc7 16. Qe2 e5 17. Nf1 Nc5 18. Ng3 Ne6 19. Be3 d5 20. Rad1 Nf4 21. Qd2 Nxe4 22.
Nxe4 dxe4 23. Qd7 Qxd7 24. Rxd7 Nxg2 25. Rxb7 exf3 26. Rd1 Nxe3 27. Rdd7 Bf6 28.
fxe3 Rad8 29. Rxh7 Rd2 30. Rh6 Rg2+ 31. Kf1 Rf7 32. Rb8+ Kg7 33. Rhh8 Rd7 34.
Rhg8+ Kh7 0-1

[Event "5th HD Bank Cup 2015"]
[Site "Ho Chi Minh City VIE"]
[Date "2015.03.17"]
[Round "1.29"]
[White "Bersamina, Paulo"]
[Black "Lee, Kyungseok"]
[Result "1-0"]
[WhiteTitle "IM"]
[WhiteElo "2359"]
[BlackElo "1959"]
[WhiteFideId "5206995"]
[BlackFideId "13202154"]
[EventDate "2015.03.17"]

1. e4 e5 2. Nf3 Nc6 3. d4 exd4 4. Bc4 Nf6 5. e5 d5 6. Bb5 Ne4 7. Nxd4 Bd7 8.
Bxc6 bxc6 9. O-O Be7 10. f3 Nc5 11. f4 f5 12. b4 Ne6 13. Nxf5 Bxb4 14. Ng3 Qh4
15. Kh1 g6 16. a3 Bc5 17. f5 gxf5 18. Nxf5 Qe4 19. Nd2 Qa4 20. Qh5+ Kd8 21. Nb3
Bb6 22. Bg5+ Kc8 23. Bf6 Re8 24. Rab1 c5 25. Qxh7 c4 26. Nd2 d4 27. Rb4 Qxa3 28.
Rxc4 Bc5 29. Ne4 Bb5 30. Ned6+ cxd6 31. Nxd6+ 1-0

[Event "5th HD Bank Cup 2015"]
[Site "Ho Chi Minh City VIE"]
[Date "2015.03.17"]
[Round "1.30"]
[White "Vu, Quang Quyen"]
[Black "Hoang, Canh Huan"]
[Result "1/2-1/2"]
[WhiteTitle "CM"]
[BlackTitle "FM"]
[WhiteElo "1940"]
[BlackElo "2348"]
[WhiteFideId "12402168"]
[BlackFideId "12400599"]
[EventDate "2015.03.17"]

1. e4 Nf6 2. e5 Nd5 3. d4 d6 4. Nf3 g6 5. exd6 cxd6 6. Bc4 Nb6 7. Bb3 Bg7 8. O-O
O-O 9. c3 Bf5 10. Re1 Nc6 11. Bg5 h6 12. Bh4 g5 13. Bg3 e5 14. dxe5 dxe5 15.
Qxd8 Raxd8 16. Bxe5 Nxe5 17. Nxe5 Rde8 18. f4 gxf4 19. Nf3 Rxe1+ 20. Nxe1 Nd7
21. Na3 Nc5 22. Nb5 a6 23. Nd6 Bg6 24. Rd1 b5 25. Rd5 Nxb3 26. axb3 Rd8 27. Nf5
Re8 28. Kf2 Bxf5 29. Rxf5 b4 30. Rc5 Rb8 31. Rc6 bxc3 32. bxc3 Rxb3 33. Rxa6
Rxc3 34. Ke2 Re3+ 35. Kf1 Rb3 36. Ke2 Re3+ 37. Kf1 Re4 38. Nf3 Bf8 39. Nh4 Kh7
40. Nf5 Rb4 41. Rf6 Kg8 42. Nxh6+ Bxh6 43. Rxh6 Kg7 44. Ra6 1/2-1/2

[Event "5th HD Bank Cup 2015"]
[Site "Ho Chi Minh City VIE"]
[Date "2015.03.17"]
[Round "1.31"]
[White "Duong, The Anh"]
[Black "Tran, Thi Mong Thu"]
[Result "1-0"]
[WhiteTitle "IM"]
[WhiteElo "2340"]
[BlackElo "1934"]
[WhiteFideId "12401277"]
[BlackFideId "12403415"]
[EventDate "2015.03.17"]

1. d4 d5 2. c4 c6 3. Nc3 Nf6 4. e3 Bf5 5. cxd5 cxd5 6. Qb3 Bc8 7. Nf3 a6 8. Ne5
e6 9. Bd2 Bd6 10. f4 O-O 11. Bd3 Nc6 12. O-O Ne7 13. a4 Rb8 14. Be1 Ng6 15. Qd1
Nd7 16. Qf3 Be7 17. Rc1 Ndxe5 18. fxe5 Bg5 19. Rc2 Bd7 20. Bg3 Rc8 21. Bf4 Be7
22. Qh5 Be8 23. Qh3 Bd7 24. Rcf2 Rc7 25. Qh5 Be8 26. Rf3 h6 27. Bxh6 gxh6 28.
Qxh6 Bg5 29. Qh5 Kg7 30. Rg3 Be7 31. Qg4 Qd7 32. h4 Rh8 33. h5 Rh6 34. Ne2 1-0

[Event "5th HD Bank Cup 2015"]
[Site "Ho Chi Minh City VIE"]
[Date "2015.03.17"]
[Round "1.32"]
[White "Nguyen, Tran Ngoc Thuy"]
[Black "Pham, Le Thao Nguyen"]
[Result "1/2-1/2"]
[WhiteTitle "WFM"]
[BlackTitle "IM"]
[WhiteElo "1887"]
[BlackElo "2338"]
[WhiteFideId "12400661"]
[BlackFideId "12401226"]
[EventDate "2015.03.17"]

1. e4 e6 2. d4 d5 3. exd5 exd5 4. Bd3 Nc6 5. c3 Nf6 6. Nf3 Qe7+ 7. Be3 Ng4 8.
Qe2 Nxe3 9. fxe3 f5 10. Bb5 Bd7 11. Bxc6 Bxc6 12. Ne5 g6 13. Nd2 Bg7 14. Ndf3
Bd7 15. h4 1/2-1/2

[Event "5th HD Bank Cup 2015"]
[Site "Ho Chi Minh City VIE"]
[Date "2015.03.17"]
[Round "1.33"]
[White "Tin, Jingyao"]
[Black "Nguyen, Truong Bao Tran"]
[Result "1-0"]
[WhiteTitle "FM"]
[WhiteElo "2326"]
[BlackElo "1884"]
[WhiteFideId "5804418"]
[BlackFideId "12402311"]
[EventDate "2015.03.17"]

1. d4 Nf6 2. c4 g6 3. Nc3 d6 4. Nf3 Bg7 5. Bf4 Nbd7 6. h3 O-O 7. e3 c6 8. Be2
Re8 9. O-O Qc7 10. Bh2 e5 11. c5 Bf8 12. Bc4 Kg7 13. Qb3 d5 14. Be2 Ng8 15. Nxe5
Nxe5 16. Bxe5+ Rxe5 17. dxe5 Bxc5 18. Na4 Be7 19. Qc3 Be6 20. Nc5 Nh6 21. Nxe6+
fxe6 22. e4 Nf7 23. Bg4 Qxe5 24. Qxe5+ Nxe5 25. Bxe6 dxe4 26. Rae1 Nd3 27. Rxe4
Bc5 28. Bc4 Nxb2 29. Rb1 Ba3 30. Be2 b5 31. Re3 b4 32. Rc1 Rc8 33. Rc5 Rc7 34.
Bf3 b3 35. Rxc6 1-0

[Event "5th HD Bank Cup 2015"]
[Site "Ho Chi Minh City VIE"]
[Date "2015.03.17"]
[Round "1.34"]
[White "Nguyen, Huynh Tuan Hai"]
[Black "To, Nhat Minh"]
[Result "0-1"]
[BlackTitle "IM"]
[WhiteElo "1881"]
[BlackElo "2323"]
[WhiteFideId "12402923"]
[BlackFideId "729019"]
[EventDate "2015.03.17"]

1. e4 e5 2. Nf3 Nc6 3. Bb5 Nf6 4. O-O Nxe4 5. d4 Nd6 6. Bxc6 dxc6 7. dxe5 Nf5 8.
Qxd8+ Kxd8 9. Nc3 Ke8 10. Bf4 h6 11. h3 Be6 12. g4 Ne7 13. Nd4 Nd5 14. Nxe6 fxe6
15. Ne2 h5 16. Bg3 hxg4 17. hxg4 g5 18. Nd4 Rh6 19. Kg2 Rd8 20. Rh1 Nf4+ 21.
Bxf4 Rxd4 22. Be3 Rxg4+ 23. Kf3 Rc4 24. c3 g4+ 25. Kg3 Rxh1 26. Rxh1 Bg7 27. Bf4
Re4 28. Rh7 Kf8 29. Bh6 Bxh6 30. Rxh6 Rxe5 31. Rh7 Re2 32. b4 Rc2 33. Rxc7 Rxc3+
34. Kxg4 Rc4+ 35. Kg5 Rxb4 36. Kf6 Ke8 37. Kxe6 Kd8 38. Rf7 a5 39. f4 Kc8 40. f5
Ra4 41. f6 Rxa2 42. Rh7 Re2+ 43. Kd6 Rd2+ 44. Kc5 Rd5+ 45. Kb6 Rb5+ 46. Ka7 a4
47. Rh8+ Kc7 48. Rh7+ Kd6 49. Re7 a3 50. Re2 Rf5 51. Kxb7 Rxf6 52. Ra2 Rf3 53.
Rd2+ Kc5 54. Rc2+ Kb5 0-1

[Event "5th HD Bank Cup 2015"]
[Site "Ho Chi Minh City VIE"]
[Date "2015.03.17"]
[Round "1.35"]
[White "Vo, Thanh Ninh"]
[Black "Kebbedies, Frank"]
[Result "1-0"]
[WhiteElo "2311"]
[BlackElo "1842"]
[WhiteFideId "12402141"]
[BlackFideId "24606944"]
[EventDate "2015.03.17"]

1. c4 Nf6 2. g3 e5 3. Bg2 Nc6 4. Nc3 Bc5 5. a3 a6 6. e3 O-O 7. Nge2 d6 8. O-O
Rb8 9. d4 Ba7 10. h3 Bd7 11. b4 Qc8 12. Kh2 Ne7 13. a4 Bf5 14. b5 Ng6 15. a5 Be6
16. Ra4 Rd8 17. Qd3 d5 18. c5 axb5 19. Nxb5 Ra8 20. f4 e4 21. Qb3 Ne7 22. Bd2
Bb8 23. Rb1 Ne8 24. Nbc3 Ra7 25. Nb5 Ra8 26. Na3 Ra7 27. Rb4 Nc6 28. Rxb7 Nxa5
29. Bxa5 Rxa5 30. Rxb8 Rxa3 31. Rxc8 Rxb3 32. Rxd8 Rxb1 33. Rxe8# 1-0

[Event "5th HD Bank Cup 2015"]
[Site "Ho Chi Minh City VIE"]
[Date "2015.03.17"]
[Round "1.36"]
[White "Nguyen, Ngoc Thuy Trang"]
[Black "Pitra, Andika"]
[Result "0-1"]
[WhiteTitle "WCM"]
[BlackTitle "FM"]
[WhiteElo "1841"]
[BlackElo "2310"]
[WhiteFideId "12400688"]
[BlackFideId "7103255"]
[EventDate "2015.03.17"]

1. d4 Nf6 2. Nf3 e6 3. e3 c5 4. b3 cxd4 5. exd4 Bb4+ 6. c3 Bd6 7. Bd3 b6 8. O-O
Bb7 9. Nbd2 Qc7 10. c4 Nc6 11. Bb2 Ne7 12. Re1 Ng6 13. a3 Ng4 14. Be4 Bxh2+ 15.
Kf1 Bxe4 16. Nxe4 f5 17. Neg5 O-O 18. d5 e5 19. a4 h6 20. Nh3 e4 21. Nd4 N6e5
22. Nb5 Qd8 23. Ba3 Rf6 24. Re2 Nd3 25. Raa2 Be5 26. Rac2 Rg6 27. b4 Qh4 0-1

[Event "5th HD Bank Cup 2015"]
[Site "Ho Chi Minh City VIE"]
[Date "2015.03.17"]
[Round "1.37"]
[White "Hoang, Thi Bao Tram"]
[Black "Frost, Peter"]
[Result "1-0"]
[WhiteTitle "WGM"]
[WhiteElo "2303"]
[BlackElo "1821"]
[WhiteFideId "12401102"]
[BlackFideId "3204634"]
[EventDate "2015.03.17"]

1. d4 Nf6 2. Nc3 d5 3. Bf4 c5 4. e3 a6 5. dxc5 Nc6 6. a3 e5 7. Bg5 Be6 8. b4 Be7
9. Nf3 h6 10. Bh4 O-O 11. Be2 d4 12. exd4 exd4 13. Na4 Nd5 14. Bxe7 Qxe7 15. O-O
Rad8 16. Qd2 Qf6 17. Rae1 Nf4 18. Nb2 Bh3 19. g3 Nxe2+ 20. Qxe2 Bxf1 21. Rxf1
Rfe8 22. Qd3 Ne5 23. Nxe5 Qxe5 24. Nc4 Qe2 25. Nd6 Qxd3 26. cxd3 Re7 27. Rc1 g6
28. Rc4 Kg7 29. Rxd4 Red7 30. Re4 Rxd6 31. cxd6 Rxd6 32. Re3 Rd4 33. Kf1 a5 34.
bxa5 Ra4 35. Re5 Rxa3 36. Ke2 h5 37. Rb5 Kf6 38. h4 Ra2+ 39. Ke3 Ra4 40. f3 Kg7
41. d4 Ra3+ 42. Ke4 Kf6 43. g4 hxg4 44. fxg4 Rh3 45. Rb6+ Kg7 46. Rxb7 Rxh4 47.
Kf4 Rh1 48. a6 Ra1 49. a7 Kf6 50. Ke4 Ra5 51. Rc7 Ra6 52. Rc6+ Rxc6 53. a8=Q
Re6+ 54. Kd3 Kg5 55. Qg8 1-0

[Event "5th HD Bank Cup 2015"]
[Site "Ho Chi Minh City VIE"]
[Date "2015.03.17"]
[Round "1.38"]
[White "Le, Minh Tu"]
[Black "Myo Naing"]
[Result "0-1"]
[WhiteTitle "FM"]
[BlackTitle "IM"]
[WhiteElo "1810"]
[BlackElo "2299"]
[WhiteFideId "12404888"]
[BlackFideId "13000071"]
[EventDate "2015.03.17"]

1. d4 Nf6 2. Nf3 e6 3. Bg5 h6 4. Bh4 b6 5. e3 Bb7 6. Bd3 c5 7. c3 Be7 8. Nbd2
O-O 9. O-O d6 10. a4 a6 11. Qe2 Nbd7 12. e4 Nh5 13. Bg3 Nxg3 14. hxg3 e5 15.
dxe5 dxe5 16. Nc4 Qc7 17. Ne3 Nf6 18. Nc4 Nd7 19. Rad1 Rfe8 20. Rd2 Bc6 21. Bc2
b5 22. Ne3 Bf8 23. Rfd1 bxa4 24. Nf5 Nf6 25. Nd6 Re6 26. Nc4 a5 27. Nh4 g6 28.
Nf3 Bb5 29. Bd3 Rae8 30. Na3 Bxd3 31. Rxd3 c4 32. R3d2 Bxa3 33. bxa3 Qc5 34. Rb1
Rc8 35. Ra2 Rd6 36. Qc2 Rd3 37. Re1 Rcd8 38. Qc1 Kg7 39. Rae2 Ng4 40. Qb2 R8d6
41. Qb7 Rxc3 42. Qe7 Rcd3 43. Rf1 c3 44. Rc2 Rd1 45. Ne1 Qc4 46. Qb7 Nh2 0-1

[Event "5th HD Bank Cup 2015"]
[Site "Ho Chi Minh City VIE"]
[Date "2015.03.17"]
[Round "1.39"]
[White "Nay Oo Kyaw Tun"]
[Black "Truong, Anh Kiet"]
[Result "1-0"]
[WhiteTitle "IM"]
[WhiteElo "2292"]
[BlackElo "1766"]
[WhiteFideId "13000110"]
[BlackFideId "12405990"]
[EventDate "2015.03.17"]

1. e4 c5 2. c3 d5 3. exd5 Qxd5 4. d4 Nf6 5. Nf3 Bg4 6. Be2 e6 7. h3 Bh5 8. O-O
Nc6 9. Be3 cxd4 10. Nxd4 Bxe2 11. Qxe2 Bc5 12. Nxc6 Qxc6 13. Bxc5 Qxc5 14. Rd1
O-O 15. Nd2 Rae8 16. Nb3 Qb6 17. Rd4 Rd8 18. Rad1 Rxd4 19. Rxd4 Rd8 20. Qe5 h6
21. Rxd8+ Qxd8 22. Nd4 Qb6 23. b3 Nd5 24. c4 Nb4 25. a3 Nd3 26. Qe3 Nc5 27. b4
Nd7 28. c5 Qd8 29. Nb5 Qb8 30. Nd6 Qc7 31. Qf3 1-0

[Event "5th HD Bank Cup 2015"]
[Site "Ho Chi Minh City VIE"]
[Date "2015.03.17"]
[Round "1.40"]
[White "Kuich, Gero"]
[Black "Tran, Quoc Dung"]
[Result "0-1"]
[WhiteElo "1763"]
[BlackElo "2288"]
[WhiteFideId "1322079"]
[BlackFideId "12400645"]
[EventDate "2015.03.17"]

1. d4 d5 2. c4 c6 3. Nf3 Nf6 4. Nbd2 Bf5 5. g3 e6 6. Bg2 Nbd7 7. O-O Bd6 8. h3
h6 9. Re1 O-O 10. Nh4 Bh7 11. e4 e5 12. dxe5 Nxe5 13. cxd5 cxd5 14. exd5 Nd3 15.
Rf1 Rc8 16. Nb3 Re8 17. Nf3 Nxd5 18. Ne1 N5b4 19. a3 Nxe1 20. axb4 Nxg2 21. Kxg2
Bc2 22. Qg4 Bxb3 23. Bxh6 Qf6 24. Be3 Bd5+ 25. Kg1 Rc4 26. Qg5 Qf3 0-1

[Event "5th HD Bank Cup 2015"]
[Site "Ho Chi Minh City VIE"]
[Date "2015.03.18"]
[Round "2.2"]
[White "Le, Quang Liem"]
[Black "Wynn Zaw Htun"]
[Result "1-0"]
[WhiteTitle "GM"]
[BlackTitle "IM"]
[WhiteElo "2676"]
[BlackElo "2382"]
[WhiteFideId "12401137"]
[BlackFideId "13002783"]
[EventDate "2015.03.17"]

1. d4 Nf6 2. c4 e6 3. Nc3 Bb4 4. e3 b6 5. Ne2 c5 6. a3 Ba5 7. Rb1 Na6 8. g3 Bb7
9. d5 b5 10. Bg2 bxc4 11. O-O O-O 12. e4 exd5 13. e5 Ne8 14. Nxd5 Rb8 15. h4 h6
16. Nef4 Nac7 17. Qg4 Bc8 18. Be3 d6 19. Qh5 Bb6 20. Rfd1 Nb5 21. Rbc1 Nd4 22.
Bxd4 cxd4 23. Rxc4 Ba6 24. Nxb6 Rxb6 25. Rcxd4 Rxb2 26. Bd5 Bb7 27. Nd3 Rb6 28.
Bxb7 Rxb7 29. exd6 Nf6 30. Qf5 Re8 31. Nc5 Rb2 32. d7 Ree2 33. Qf3 Nxd7 34. Rxd7 1-0

[Event "5th HD Bank Cup 2015"]
[Site "Ho Chi Minh City VIE"]
[Date "2015.03.18"]
[Round "2.3"]
[White "Nolte, Rolando"]
[Black "Nguyen, Ngoc Truong Son"]
[Result "1/2-1/2"]
[WhiteTitle "IM"]
[BlackTitle "GM"]
[WhiteElo "2394"]
[BlackElo "2659"]
[WhiteFideId "5200636"]
[BlackFideId "12401110"]
[EventDate "2015.03.17"]

1. e4 e5 2. Nf3 Nc6 3. Bb5 Nf6 4. O-O Nxe4 5. Re1 Nd6 6. Nxe5 Nxe5 7. Rxe5+ Be7
8. Bf1 O-O 9. Nc3 Ne8 10. Nd5 Bd6 11. Re1 c6 12. Ne3 Bc7 13. Nf5 d5 14. Ne7+ Kh8
15. Nxc8 Rxc8 16. d4 f5 17. c3 Nf6 18. Qf3 1/2-1/2

[Event "5th HD Bank Cup 2015"]
[Site "Ho Chi Minh City VIE"]
[Date "2015.03.18"]
[Round "2.4"]
[White "Rakhmanov, Aleksandr"]
[Black "Bersamina, Paulo"]
[Result "1/2-1/2"]
[WhiteTitle "GM"]
[BlackTitle "IM"]
[WhiteElo "2639"]
[BlackElo "2359"]
[WhiteFideId "4173708"]
[BlackFideId "5206995"]
[EventDate "2015.03.17"]

1. Nf3 Nf6 2. g3 g6 3. b3 Bg7 4. Bb2 d6 5. d4 O-O 6. Bg2 c6 7. O-O Bg4 8. h3
Bxf3 9. Bxf3 d5 10. Nd2 Nbd7 11. c4 Re8 12. Bg2 e5 13. cxd5 Nxd5 14. dxe5 Nxe5
15. Kh1 Qe7 16. Qc2 Rad8 17. Rad1 f5 18. a3 f4 19. g4 Nf7 20. Bxg7 Kxg7 21. Ne4
Ng5 22. Qb2+ Kf7 23. Nxg5+ Qxg5 24. Rd4 Qe5 25. Rfd1 Nf6 26. b4 Rxd4 27. Rxd4
Qxe2 28. Qb3+ Qe6 29. Qxe6+ Kxe6 30. Rxf4 Rd8 31. g5 Rd1+ 32. Kh2 Nh5 33. Re4+
Kf7 34. Bf3 Rd3 35. Bxh5 gxh5 36. a4 Ra3 37. a5 c5 38. Rf4+ Kg6 39. bxc5 Kxg5
40. Rf7 Rxa5 41. Rxb7 Rxc5 42. Rxa7 h6 43. Ra4 Rb5 44. h4+ Kf5 45. Kg3 Rb6 46.
f3 Rc6 47. Ra5+ Kg6 48. Re5 Rf6 49. Re4 Ra6 50. Kf4 Rf6+ 51. Ke3 Ra6 52. Rd4
Re6+ 53. Re4 Ra6 54. Kf4 Rf6+ 55. Kg3 Ra6 56. Re5 Rf6 57. f4 Ra6 58. Kf3 Ra3+
59. Ke4 Ra4+ 60. Kf3 Ra3+ 61. Re3 Ra5 62. Ke4 Ra4+ 63. Kf3 Ra5 64. Re6+ Kf5 65.
Rxh6 1/2-1/2

[Event "5th HD Bank Cup 2015"]
[Site "Ho Chi Minh City VIE"]
[Date "2015.03.18"]
[Round "2.5"]
[White "Liu, Xiangyi"]
[Black "Zhang, Zhong"]
[Result "0-1"]
[WhiteTitle "FM"]
[BlackTitle "GM"]
[WhiteElo "2380"]
[BlackElo "2614"]
[WhiteFideId "8605718"]
[BlackFideId "8600694"]
[EventDate "2015.03.17"]

1. e4 c6 2. d4 d5 3. exd5 cxd5 4. Bd3 Nc6 5. c3 Qc7 6. Ne2 Bg4 7. f3 Bd7 8. Bf4
e5 9. dxe5 Nxe5 10. Bc2 Nf6 11. Bxe5 Qxe5 12. Qd4 Qc7 13. Qe3+ Be7 14. Nd2 Kf8
15. O-O-O h5 16. Nb3 a5 17. Nbd4 b5 18. Kb1 b4 19. cxb4 Bxb4 20. Rc1 Qb6 21. a3
Bc5 22. Rhd1 Re8 23. Qc3 Bd6 24. h3 h4 25. Bd3 Rh5 26. Ka2 Rg5 27. Rg1 Nh5 28.
g4 hxg3 29. h4 Rge5 30. Nxg3 Nxg3 31. Rxg3 Rc8 32. Qxc8+ Bxc8 33. Rxc8+ Re8 34.
Rxe8+ Kxe8 35. Rg4 Be5 36. Nb3 Qf2 0-1

[Event "5th HD Bank Cup 2015"]
[Site "Ho Chi Minh City VIE"]
[Date "2015.03.18"]
[Round "2.6"]
[White "Sadorra, Julio Catalino"]
[Black "Duong, The Anh"]
[Result "1/2-1/2"]
[WhiteTitle "GM"]
[BlackTitle "IM"]
[WhiteElo "2548"]
[BlackElo "2340"]
[WhiteFideId "5201268"]
[BlackFideId "12401277"]
[EventDate "2015.03.17"]

1. d4 e6 2. c4 b6 3. e4 Bb7 4. Bd3 Bb4+ 5. Kf1 Be7 6. Nc3 d6 7. Nf3 Nd7 8. g3
Ngf6 9. Kg2 O-O 10. Re1 c5 11. d5 Ne8 12. Bc2 Bf6 13. Qd3 e5 14. h4 a6 15. Nd1
b5 16. b3 g6 17. h5 Bg7 18. Rh1 Ndf6 19. Bg5 Qd7 20. Ne3 Bc8 21. Nh4 Qb7 22.
Raf1 Ra7 23. Qd2 b4 24. f3 a5 25. g4 a4 26. Rfg1 axb3 27. axb3 Ra2 28. h6 Bh8
29. Ra1 Qa7 30. Rxa2 Qxa2 31. Rg1 Nxe4 32. fxe4 f6 33. Rf1 fxg5 34. Rxf8+ Kxf8
35. Nf3 Bf6 36. Qc1 Bd7 37. Kg3 Kg8 38. Nd1 Be7 39. Nf2 Qa3 40. Qd2 Qb2 41. Nd1
Qa2 42. Nf2 Qb2 43. Nd1 Qa2 44. Nf2 Qb2 1/2-1/2

[Event "5th HD Bank Cup 2015"]
[Site "Ho Chi Minh City VIE"]
[Date "2015.03.18"]
[Round "2.7"]
[White "Nguyen, Duc Hoa"]
[Black "Tin, Jingyao"]
[Result "1/2-1/2"]
[WhiteTitle "GM"]
[BlackTitle "FM"]
[WhiteElo "2516"]
[BlackElo "2326"]
[WhiteFideId "12401358"]
[BlackFideId "5804418"]
[EventDate "2015.03.17"]

1. d4 Nf6 2. c4 e6 3. Nc3 Bb4 4. Qc2 O-O 5. e4 c5 6. dxc5 Bxc5 7. Nf3 d5 8. Bg5
dxe4 9. Nxe4 Bb4+ 10. Ned2 h6 11. Bh4 Nc6 12. O-O-O Be7 13. Ne4 Nd7 14. Bxe7
Qxe7 15. Qd2 Nc5 16. Qe3 Nxe4 17. Qxe4 e5 18. Be2 f5 19. Qd5+ Be6 20. Qd6 Qf6
21. Rhe1 Rfd8 22. Qa3 e4 23. Nd2 Ne5 24. Kb1 Nd3 25. Bxd3 Rxd3 26. Nb3 Bxc4 27.
Qb4 Rxd1+ 28. Rxd1 Bd3+ 29. Ka1 Qb6 30. Qxb6 axb6 31. Nc1 Ba6 32. b3 f4 33. Kb2
e3 34. fxe3 fxe3 35. Re1 e2 36. Kc3 Rc8+ 37. Kd2 Rf8 38. g3 Rf2 39. h4 Rg2 40.
Nxe2 Bxe2 41. Rxe2 Rxg3 42. Re6 Rg2+ 43. Ke3 Rxa2 44. Rxb6 Rh2 45. Rb4 Kf8 46.
Kf3 g5 47. hxg5 hxg5 48. Rxb7 Ke8 49. Ke4 Rd2 50. Kf5 Kd8 51. Kxg5 Kc8 52. Rb4
Rf2 53. Rf4 Rxf4 54. Kxf4 Kb7 55. Ke4 Kb6 56. Kd4 Kb5 57. Ke4 1/2-1/2

[Event "5th HD Bank Cup 2015"]
[Site "Ho Chi Minh City VIE"]
[Date "2015.03.18"]
[Round "2.8"]
[White "To, Nhat Minh"]
[Black "Dao, Thien Hai"]
[Result "1/2-1/2"]
[WhiteTitle "IM"]
[BlackTitle "GM"]
[WhiteElo "2323"]
[BlackElo "2482"]
[WhiteFideId "729019"]
[BlackFideId "12400084"]
[EventDate "2015.03.17"]

1. e4 c5 2. Nf3 d6 3. d4 cxd4 4. Nxd4 Nf6 5. Nc3 a6 6. Be3 Ng4 7. Bg5 h6 8. Bh4
g5 9. Bg3 Bg7 10. h3 Ne5 11. Nf5 Bxf5 12. exf5 Qa5 13. Qd5 Nbc6 14. Qxa5 Nxa5
15. Nd5 Rc8 16. O-O-O e6 17. Ne3 Ke7 18. Be2 b5 19. h4 Nac4 20. Nxc4 bxc4 21.
fxe6 fxe6 22. c3 Nf7 23. Bh5 Ne5 24. Be2 Nf7 25. Bh5 Ne5 1/2-1/2

[Event "5th HD Bank Cup 2015"]
[Site "Ho Chi Minh City VIE"]
[Date "2015.03.18"]
[Round "2.9"]
[White "Vo, Thanh Ninh"]
[Black "Diu, Viacheslav"]
[Result "1/2-1/2"]
[BlackTitle "IM"]
[WhiteElo "2311"]
[BlackElo "2457"]
[WhiteFideId "12402141"]
[BlackFideId "4167465"]
[EventDate "2015.03.17"]

1. c4 e6 2. g3 d5 3. Bg2 dxc4 4. Qa4+ Nd7 5. Qxc4 c5 6. Nf3 Ngf6 7. O-O b6 8.
Nd4 Ne5 9. Nc6 Nxc4 10. Nxd8 Nd5 11. Nc3 Kxd8 12. Nxd5 Bb7 13. Nc3 Bxg2 14. Kxg2
Bd6 15. d3 Na5 16. f4 Ke7 17. Be3 Rac8 18. Ne4 f5 19. Nd2 c4 20. Rac1 cxd3 21.
exd3 Rhd8 22. Nc4 Nc6 23. Rfd1 Bb8 24. a3 Kf7 25. Rc3 Ne7 26. Bd2 Rd7 27. Kf3
Rcd8 28. Ke2 b5 29. Ne5+ Bxe5 30. fxe5 Rd5 1/2-1/2